000 00311nam a22001337a 4500
008 170302b xxu||||| |||| 00| 0 eng d
020 _a9781451115659
041 _aeng
080 _28TH
_a616.073
100 _a6
101 _aSHM
245 _aPATIENT CARE IN IMAGING TECHNOLOGY
_cDUTTON, A.G
942 _2udc
_cBK
999 _c6617
_d6617